书目信息 |
| 题名: |
异域民歌
|
|
| 作者: | 费玉平, , 牛苏放 主编 | |
| 分册: | ||
| 出版信息: | 赤峰 内蒙古科学技术出版社 2012 |
|
| 页数: | 186页 | |
| 开本: | 22cm | |
| 丛书名: | 红色浸染 | |
| 单 册: | ||
| 中图分类: | J652.2 | |
| 科图分类: | ||
| 主题词: | 民歌--歌曲--世界--选集 | |
| 电子资源: | ||
| ISBN: | 978-7-5380-2125-7 | |
| 000 | 01017nam 2200265 450 | |
| 001 | 2374555852 | |
| 005 | 20231216204245.88 | |
| 010 | @a978-7-5380-2125-7@dCNY35.00 | |
| 100 | @a20230719d2012 em y0chiy50 ea | |
| 101 | 0 | @achi |
| 102 | @aCN@b150000 | |
| 105 | @ag z 000yy | |
| 200 | 1 | @a异域民歌@Ayi yu min ge@f主编费玉平, 牛苏放 |
| 210 | @a赤峰@c内蒙古科学技术出版社@d2012 | |
| 215 | @a186页@c乐谱@d22cm | |
| 225 | 0 | @a红色浸染@Ahong se jin ran@e革命歌曲大家唱 |
| 314 | @a费玉平, 京剧作曲家, 中共党员, 1956年生于北京。中国戏曲学院教授, 一级作曲, 研究生导师, 教育部人文社会科学研究规划基金项目“京剧腔典”负责人。 | |
| 330 | @a本书主要内容包括 : 我向清风叩问、伏尔加船夫曲、永走革命道、永远是战友和弟兄、夜歌、迎接、在那白茫茫的田野上等。 | |
| 410 | 0 | @12001 @a红色浸染 (革命歌曲大家唱) |
| 606 | 0 | @a民歌@x歌曲@y世界@j选集 |
| 690 | @aJ652.2@v5 | |
| 701 | 0 | @a费玉平,@Afei yu ping@f1956-@4主编 |
| 701 | 0 | @a牛苏放@Aniu su fang@4主编 |
| 801 | 0 | @aCN@b湖北三新@c20230719 |
| 905 | @aZUCC@dJ652.2@e130 | |
| 异域民歌/主编费玉平, 牛苏放.-赤峰:内蒙古科学技术出版社,2012 |
| 186页:乐谱;22cm.-(红色浸染:革命歌曲大家唱) |
| ISBN 978-7-5380-2125-7:CNY35.00 |
| 本书主要内容包括 : 我向清风叩问、伏尔加船夫曲、永走革命道、永远是战友和弟兄、夜歌、迎接、在那白茫茫的田野上等。 |
| ● |
| 相关链接 |
|
|
|
正题名:异域民歌
索取号:J652.2/130
 
预约/预借
| 序号 | 登录号 | 条形码 | 馆藏地/架位号 | 状态 | 备注 |
| 1 | 2001668782 | 2001668782 | 411书库/ [索取号:J652.2/130] | 在馆 | |
| 2 | 2001668783 | 2001668783 | 411书库/ [索取号:J652.2/130] | 在馆 | |
| 3 | 2001668784 | 2001668784 | 411书库/ [索取号:J652.2/130] | 在馆 | |
| 4 | 2001668785 | 2001668785 | 411书库/ [索取号:J652.2/130] | 在馆 | |
| 5 | 2001668786 | 2001668786 | 411书库/ [索取号:J652.2/130] | 在馆 | |
| 6 | 2001668787 | 2001668787 | 411书库/ [索取号:J652.2/130] | 在馆 | |
| 7 | 2001668788 | 2001668788 | 411书库/ [索取号:J652.2/130] | 在馆 | |
| 8 | 2001668789 | 2001668789 | 411书库/ [索取号:J652.2/130] | 在馆 | |
| 9 | 2001668790 | 2001668790 | 411书库/ [索取号:J652.2/130] | 在馆 | |
| 10 | 2001668791 | 2001668791 | 411书库/ [索取号:J652.2/130] | 在馆 | |
| 11 | 2001668792 | 2001668792 | 411书库/ [索取号:J652.2/130] | 在馆 | |
| 12 | 2001668793 | 2001668793 | 411书库/ [索取号:J652.2/130] | 在馆 | |
| 13 | 2001668794 | 2001668794 | 411书库/ [索取号:J652.2/130] | 在馆 | |
| 14 | 2001668795 | 2001668795 | 411书库/ [索取号:J652.2/130] | 在馆 | |
| 15 | 2001668796 | 2001668796 | 411书库/ [索取号:J652.2/130] | 在馆 | |
| 16 | 2001668797 | 2001668797 | 411书库/ [索取号:J652.2/130] | 在馆 | |
| 17 | 2001668798 | 2001668798 | 411书库/ [索取号:J652.2/130] | 在馆 | |
| 18 | 2001668799 | 2001668799 | 411书库/ [索取号:J652.2/130] | 在馆 | |
| 19 | 2001668800 | 2001668800 | 411书库/ [索取号:J652.2/130] | 在馆 | |
| 20 | 2001668801 | 2001668801 | 411书库/ [索取号:J652.2/130] | 在馆 | |
| 21 | 2001668802 | 2001668802 | 411书库/ [索取号:J652.2/130] | 在馆 | |
| 22 | 2001668803 | 2001668803 | 411书库/ [索取号:J652.2/130] | 在馆 | |
| 23 | 2001668804 | 2001668804 | 411书库/ [索取号:J652.2/130] | 在馆 | |
| 24 | 2001668805 | 2001668805 | 411书库/ [索取号:J652.2/130] | 在馆 | |
| 25 | 2001668806 | 2001668806 | 411书库/ [索取号:J652.2/130] | 在馆 | |
| 26 | 2001668807 | 2001668807 | 411书库/ [索取号:J652.2/130] | 在馆 | |
| 27 | 2001668808 | 2001668808 | 411书库/ [索取号:J652.2/130] | 在馆 | |
| 28 | 2001668809 | 2001668809 | 411书库/ [索取号:J652.2/130] | 在馆 | |
| 29 | 2001668810 | 2001668810 | 411书库/ [索取号:J652.2/130] | 在馆 | |
| 30 | 2001668811 | 2001668811 | 411书库/ [索取号:J652.2/130] | 在馆 |